000 00403nam a2200169Ia 4500
001 3616
003 IN-NITTTR
005 20251114232949.0
008 251113s9999||||xx |||||||||||||| ||eng||
040 _beng
040 _cIN-NITTTR
041 _aeng
082 _a370.15 V235P
100 _aValentine, C. W.
245 0 _aPsychology and its bearing on education /
_cValentine, C. W.
942 _2ddc
_cBK
999 _c5945
_d5945